|
|
|
|
| LEADER |
00000cam a2200000 7i4500 |
| 001 |
0000083689 |
| 005 |
20190710.0 |
| 008 |
190603 |
| 020 |
|
|
|a 9789674605872
|
| 041 |
0 |
|
|a Malay
|
| 090 |
0 |
0 |
|a 899.231
|b ZAM
|
| 100 |
0 |
|
|a Zam Ismail ,
|d 1943-
|
| 245 |
1 |
0 |
|a Merentas lima dasawarsa :
|b puisi-puisi pilihan (1960-2015)
|c Zam Ismail
|
| 260 |
|
|
|a Kuala Lumpur :
|b Institut Terjemahan & Buku Malaysia Berhad ,
|c 2017
|
| 300 |
|
|
|a 455p. ;
|c 18.5cm.
|
| 541 |
0 |
0 |
|c Purchased on 2019
|f 51/2019 DIAN
|h RM40.00
|
| 650 |
|
0 |
|a Malay poetry
|
| 999 |
|
|
|a 0001575909
|b Book
|c Adult Collection
|e Perbadanan Perpustakaan Awam Johor
|
| 999 |
|
|
|a 0001575910
|b Book
|c Adult Collection
|e Perbadanan Perpustakaan Awam Johor
|
| 999 |
|
|
|a 0001575911
|b Book
|c Adult Collection
|e Cawangan Urban Transformation Centre
|
| 999 |
|
|
|a 0001579127
|b Book
|c Adult Collection
|e Cawangan Sri Merlong
|
| 999 |
|
|
|a 0001579128
|b Book
|c Adult Collection
|e Cawangan Bandar Tenggara
|
| 999 |
|
|
|a 0001579129
|b Book
|c Adult Collection
|e Cawangan Bukit Gambir
|
| 999 |
|
|
|a 0001579130
|b Book
|c Adult Collection
|e Cawangan Tangkak
|
| 999 |
|
|
|a 0001579131
|b Book
|c Adult Collection
|e Cawangan Kota Tinggi
|
| 999 |
|
|
|a 0001579132
|b Book
|c Adult Collection
|e Cawangan Segamat
|
| 999 |
|
|
|a 0001579133
|b Book
|c Adult Collection
|e Cawangan Mersing
|
| 999 |
|
|
|a 0001579134
|b Book
|c Adult Collection
|e Cawangan Sri Merlong
|
| 999 |
|
|
|a 0001579135
|b Book
|c Adult Collection
|e Cawangan Taman Sri Lambak
|
| 999 |
|
|
|a 0001579136
|b Book
|c Adult Collection
|e Cawangan Pontian
|
| 999 |
|
|
|a 0001579137
|b Book
|c Adult Collection
|e Cawangan Muar
|
| 999 |
|
|
|a 0001579138
|b Book
|c Adult Collection
|e Cawangan Tmn. Ungku Tun Aminah
|
| 999 |
|
|
|a 0001579139
|b Book
|c Adult Collection
|e Cawangan Batu Pahat
|